[Event "7th Paleochora Open 2014"]
[Site "Paleochora GRE"]
[Date "2014.07.27"]
[Round "8.19"]
[White "Rombaldoni, Denis"]
[Black "Mihajlov, Svetoslav"]
[Result "1-0"]
[WhiteTitle "IM"]
[WhiteElo "2484"]
[BlackElo "2154"]
[WhiteFideId "813575"]
[BlackFideId "1507168"]
[EventDate "2014.07.21"]

1. Nf3 Nf6 2. c4 c6 3. b3 d5 4. Bb2 Bf5 5. d3 h6 6. g3 e6 7. Bg2 Be7 8. O-O O-O
9. Nbd2 Nbd7 10. Qc2 a5 11. a3 Bh7 12. Rad1 Rc8 13. e4 b5 14. Nd4 Qb6 15. h3
Rfd8 16. Rc1 bxc4 17. bxc4 dxe4 18. dxe4 Nc5 19. Rb1 Ncxe4 20. Nxe4 Bxe4 21.
Bxe4 Rxd4 22. c5 Qxc5 23. Qxc5 Bxc5 24. Bxd4 Bxd4 25. Bf3 Nd5 26. Rfc1 c5 27.
Rc4 Nc3 28. Rb3 Nd5 29. Rb5 Nc3 30. Rxa5 Kh7 31. Ra8 Rc7 32. a4 e5 33. a5 f5 34.
a6 e4 35. Bh5 Rc6 36. Bf7 Rb6 37. h4 h5 38. Kg2 Rb2 39. Rxd4 1-0

[Event "7th Paleochora Open 2014"]
[Site "Paleochora GRE"]
[Date "2014.07.27"]
[Round "8.20"]
[White "Ahlander, Bjorn"]
[Black "Pandelidis, Ioannis"]
[Result "1-0"]
[WhiteTitle "IM"]
[WhiteElo "2426"]
[BlackElo "2070"]
[WhiteFideId "1700251"]
[BlackFideId "4202554"]
[EventDate "2014.07.21"]

1. c4 e5 2. Nc3 Nc6 3. Nf3 d6 4. d4 Bg4 5. d5 Nce7 6. e4 g6 7. h3 Bd7 8. g4 f6
9. Rg1 Bg7 10. h4 Nh6 11. g5 Nf7 12. gxf6 Bxf6 13. Ng5 Bxg5 14. hxg5 c6 15. Be3
a6 16. Be2 c5 17. a3 b6 18. Rb1 Rb8 19. b4 Qc7 20. b5 a5 21. Bg4 h5 22. gxh6
Nxh6 23. Be6 Qc8 24. Rh1 Nf7 25. Rxh8+ Nxh8 26. Qg4 Nf7 27. Qh3 Ng8 28. Qh7 Bxe6
29. dxe6 1-0

[Event "7th Paleochora Open 2014"]
[Site "Paleochora GRE"]
[Date "2014.07.27"]
[Round "8.21"]
[White "Swapnil, S. Dhopade"]
[Black "Tsakiris, Haralambos"]
[Result "1-0"]
[WhiteTitle "IM"]
[BlackTitle "FM"]
[WhiteElo "2421"]
[BlackElo "2099"]
[WhiteFideId "5019184"]
[BlackFideId "4223314"]
[EventDate "2014.07.21"]

1. d4 Nf6 2. c4 e6 3. Nf3 Bb4+ 4. Nbd2 b6 5. a3 Bxd2+ 6. Qxd2 Bb7 7. g3 Bxf3 8.
exf3 d5 9. b3 O-O 10. Be2 Nc6 11. Bb2 Na5 12. Qe3 a6 13. a4 c6 14. O-O dxc4 15.
bxc4 b5 16. Ba3 Re8 17. axb5 axb5 18. cxb5 Nd5 19. Qd3 cxb5 20. Rfb1 Rb8 21. Bc5
b4 22. Rb2 Nc6 23. f4 Ra8 24. Rc1 Ra3 25. Qb5 Qa8 26. Bf1 Rb8 27. Qe2 Ra1 28.
Qe1 Rxc1 29. Qxc1 b3 30. Bg2 Qa4 31. f5 Na5 32. fxe6 fxe6 33. Qe1 Kf7 34. Bh3
Re8 35. Re2 Qb5 36. Bxe6+ Kf6 37. Re5 b2 38. Qb1 g6 39. Bxd5 Rxe5 40. dxe5+ Kg7
41. Ba2 Qxc5 42. Qxb2 Nc6 43. Qb7+ Ne7 44. Be6 Kf8 45. Qf3+ Kg7 46. Qf6+ Kh6 47.
Qf8+ 1-0

[Event "7th Paleochora Open 2014"]
[Site "Paleochora GRE"]
[Date "2014.07.27"]
[Round "8.22"]
[White "Anurag, Mhamal"]
[Black "Hrisanthopoulos, Dimitrios"]
[Result "1-0"]
[WhiteTitle "IM"]
[WhiteElo "2405"]
[BlackElo "1997"]
[WhiteFideId "5024366"]
[BlackFideId "4200543"]
[EventDate "2014.07.21"]

1. d4 Nf6 2. Nc3 d5 3. Bg5 Nbd7 4. Qd3 h6 5. Bh4 e6 6. e4 dxe4 7. Nxe4 Be7 8.
Nxf6+ Nxf6 9. Nf3 O-O 10. O-O-O c5 11. Bxf6 Bxf6 12. dxc5 Qc7 13. Qe4 Bd7 14.
Bd3 g6 15. h4 Qxc5 16. h5 Bc6 17. Qf4 Bxf3 18. Qxf3 Qe5 19. c3 Rac8 20. Rde1
Rxc3+ 21. bxc3 Qxc3+ 22. Kd1 Qb2 23. Qe3 Rd8 24. hxg6 Bg5 25. gxf7+ Kf8 26. Qc5+
Kxf7 27. Qc2 Qa3 28. Rh3 1-0

[Event "7th Paleochora Open 2014"]
[Site "Paleochora GRE"]
[Date "2014.07.27"]
[Round "8.24"]
[White "Papasimakopoulos, Alexandros"]
[Black "Skagseth, Havard M"]
[Result "1/2-1/2"]
[WhiteElo "2262"]
[BlackElo "1946"]
[WhiteFideId "4244125"]
[BlackFideId "1511572"]
[EventDate "2014.07.21"]

1. d4 d5 2. c4 dxc4 3. Nf3 Nf6 4. e3 e6 5. Bxc4 c5 6. O-O a6 7. Bb3 Nc6 8. Nc3
Be7 9. Qe2 cxd4 10. Rd1 e5 11. exd4 exd4 12. Be3 Bg4 13. h3 Bxf3 14. Qxf3 O-O
15. Ne2 Bc5 16. Bg5 Qd6 17. Ng3 Nd7 18. Rac1 Qg6 19. Qd5 Bd6 20. Ne4 Nb6 21.
Qxd6 Qxe4 22. Qc7 Qe5 23. Qxe5 Nxe5 24. Rc7 Rac8 25. Rxb7 Nbc4 26. Bxc4 Rxc4 27.
Rb6 f6 28. Bf4 a5 29. b3 Rc2 30. Rxd4 Rxa2 31. Rb5 Ng6 32. Bd2 Ra8 33. Rb7 Nf8
34. h4 a4 35. Bb4 axb3 36. Bxf8 Kxf8 37. Rdd7 b2 38. Kh2 b1=Q 39. Rxb1 R2a7 40.
Rb8+ Rxb8 41. Rxa7 1/2-1/2

[Event "7th Paleochora Open 2014"]
[Site "Paleochora GRE"]
[Date "2014.07.27"]
[Round "8.25"]
[White "Christiansen, Johan-Sebastian"]
[Black "Chetrari, Nikita"]
[Result "1-0"]
[WhiteElo "2252"]
[BlackElo "1907"]
[WhiteFideId "1512668"]
[BlackFideId "13904647"]
[EventDate "2014.07.21"]

1. Nf3 d5 2. c4 c6 3. g3 Nf6 4. Bg2 dxc4 5. O-O b5 6. Ne5 Qc7 7. d4 Bb7 8. a4 e6
9. b3 cxb3 10. Qxb3 b4 11. Nd3 Nbd7 12. Bf4 Qb6 13. a5 Qxd4 14. a6 Bc8 15. Qa4
Nb6 16. Be3 Qxe3 17. Qxc6+ Bd7 18. fxe3 Bxc6 19. Bxc6+ Nfd7 20. Bxa8 Nxa8 21.
Nd2 Nab6 22. Rac1 Bd6 23. Ne4 Bb8 24. Nxb4 f5 25. Ng5 Ke7 26. Rc6 Kf6 27. Ne4+
Ke5 28. Ng5 Kf6 29. Ne4+ Ke5 30. Nc3 Kf6 31. Ncd5+ Nxd5 32. Nxd5+ Ke5 33. Nc7 1-0

[Event "7th Paleochora Open 2014"]
[Site "Paleochora GRE"]
[Date "2014.07.27"]
[Round "8.26"]
[White "Pappelis, Dimitrios"]
[Black "Hristodoulou, Panagiotis"]
[Result "1/2-1/2"]
[WhiteElo "2070"]
[BlackElo "2242"]
[WhiteFideId "4215281"]
[BlackFideId "4214340"]
[EventDate "2014.07.21"]

1. c4 c6 2. e4 d5 3. exd5 cxd5 4. d4 Nf6 5. Nc3 e6 6. Nf3 Bb4 7. cxd5 Nxd5 8.
Bd2 O-O 9. Bd3 Nc6 10. O-O Be7 11. a3 Nf6 12. Be3 b6 13. Rc1 Bb7 14. Qe2 Rc8 15.
Rfd1 Qc7 16. Ba6 Rfd8 17. Ne5 Bxa6 18. Qxa6 Nxe5 19. dxe5 Qxe5 20. Nd5 Rxc1 21.
Nxe7+ Kf8 22. Rxc1 Ng4 23. Nc6 Qxh2+ 24. Kf1 Nxe3+ 25. Ke2 Re8 26. fxe3 Qxg2+
27. Kd1 Qxb2 28. Qd3 Kg8 29. Ne7+ Kf8 30. Qd6 g5 31. Rc7 Kg7 32. Nc6 Qf6 33.
Rxa7 Qf1+ 34. Kd2 Qf2+ 35. Kd3 Qf1+ 36. Kd2 Qf2+ 37. Kd3 Qf1+ 38. Kd2 1/2-1/2

[Event "7th Paleochora Open 2014"]
[Site "Paleochora GRE"]
[Date "2014.07.27"]
[Round "8.27"]
[White "Gouloutis, Nikolaos"]
[Black "Tchantcev, Chaliko"]
[Result "0-1"]
[WhiteElo "2064"]
[BlackElo "2216"]
[WhiteFideId "4224256"]
[BlackFideId "4136551"]
[EventDate "2014.07.21"]

1. d4 Nf6 2. c4 e6 3. Nc3 c5 4. d5 exd5 5. cxd5 d6 6. e4 g6 7. Nge2 Bg7 8. Ng3
O-O 9. Be2 a6 10. a4 Nbd7 11. O-O Rb8 12. Bg5 h6 13. Be3 Re8 14. Qd2 h5 15. Bg5
b5 16. axb5 axb5 17. Bxb5 Qb6 18. Rfb1 Ng4 19. h3 Nge5 20. Be3 Qd8 21. Be2 Rb4
22. Qc2 Nc4 23. Bc1 Bd4 24. Nb5 Rxb5 25. Bxc4 Rb8 26. Ne2 Bg7 27. Nc3 Ne5 28.
Bb5 Bxh3 29. gxh3 Nf3+ 30. Kf1 Qh4 31. Be3 Qxh3+ 32. Ke2 Qg4 33. Kf1 Qh3+ 34.
Ke2 Qg4 35. Kf1 Rxb5 36. Nxb5 Rxe4 37. Rd1 Rxe3 38. fxe3 Qg1+ 39. Ke2 Qg2+ 40.
Kd3 c4+ 41. Qxc4 Ne5+ 42. Kc3 Nxc4+ 43. Kxc4 Qc2+ 44. Nc3 Qxb2 45. Ra8+ Kh7 46.
Rd3 Qc2 47. Ra2 Qc1 48. e4 Qf4 49. Re2 h4 50. Kb3 Be5 51. Nd1 Qf1 52. Ree3 f6
53. Rf3 Qg2 54. Nf2 g5 55. Rf5 Kg6 56. Rd1 h3 0-1

[Event "7th Paleochora Open 2014"]
[Site "Paleochora GRE"]
[Date "2014.07.27"]
[Round "8.28"]
[White "Tzouganakis, Panteleimon"]
[Black "Koronas, Vasilios"]
[Result "1-0"]
[WhiteElo "2185"]
[BlackElo "1719"]
[WhiteFideId "4215826"]
[BlackFideId "4215397"]
[EventDate "2014.07.21"]

1. e4 c5 2. Nf3 d6 3. d4 cxd4 4. Nxd4 Nf6 5. Nc3 a6 6. f4 Nbd7 7. Be2 g6 8. Be3
Bg7 9. Bf3 O-O 10. Nb3 Qc7 11. g4 Nb6 12. g5 Nfd7 13. Qd3 Bxc3+ 14. bxc3 Na4 15.
Bd2 Rb8 16. h4 b5 17. h5 Kg7 18. Bg2 Bb7 19. Qh3 Rh8 20. f5 Rbg8 21. Nd4 Nac5
22. hxg6 hxg6 23. f6+ exf6 24. gxf6+ Kxf6 25. Qg3 Rxh1+ 26. Bxh1 Ke7 27. Nf5+
gxf5 28. Qxg8 fxe4 29. Bg5+ Nf6 30. Bxf6+ Kxf6 31. O-O-O d5 32. Rf1+ Ke6 33. Bg2
Nd3+ 34. Kb1 Ne5 35. Qf8 Qxc3 36. Bh3+ Qxh3 37. Qe8+ Kd6 38. Rf6+ Kc5 39. Qxe5
Qe3 40. a3 Qg1+ 41. Ka2 Qe1 42. Qc7+ Kd4 43. Qxb7 e3 44. Rf4+ Kc3 45. Qxd5 Kxc2
46. Qb3+ Kd2 47. Qb2+ Kd1 48. Rd4+ Qd2 49. Rxd2+ exd2 50. Kb3 Ke2 51. Kc3 1-0

[Event "7th Paleochora Open 2014"]
[Site "Paleochora GRE"]
[Date "2014.07.27"]
[Round "8.29"]
[White "Egorova, Ayyyna"]
[Black "Djingarova, Emilia"]
[Result "0-1"]
[WhiteTitle "WCM"]
[BlackTitle "WGM"]
[WhiteElo "1968"]
[BlackElo "2303"]
[WhiteFideId "24136611"]
[BlackFideId "2903229"]
[EventDate "2014.07.21"]

1. e4 c5 2. Nf3 e6 3. c4 Nc6 4. Nc3 e5 5. g3 d6 6. Bg2 Be7 7. d3 f5 8. Be3 Nf6
9. Nh4 f4 10. gxf4 exf4 11. Bxf4 O-O 12. Bg3 Nd4 13. h3 g6 14. Nf3 Nh5 15. Nxd4
Nxg3 16. fxg3 cxd4 17. Ne2 Bg5 18. b4 Be3 19. Qb3 Be6 20. Ng1 Qg5 21. Ne2 Rf2
22. Bf1 Raf8 23. Qb2 Bd2+ 24. Kd1 Bc3 0-1

[Event "7th Paleochora Open 2014"]
[Site "Paleochora GRE"]
[Date "2014.07.27"]
[Round "8.30"]
[White "Trufanov, Alexander G."]
[Black "Iasman, Inna"]
[Result "1-0"]
[WhiteElo "2240"]
[BlackElo "1954"]
[WhiteFideId "4167180"]
[BlackFideId "24125563"]
[EventDate "2014.07.21"]

1. e4 c6 2. d4 d5 3. exd5 cxd5 4. Bd3 Nc6 5. c3 Nf6 6. Bf4 g6 7. Nf3 Bg7 8. O-O
O-O 9. Re1 Re8 10. h3 e6 11. Qd2 Ne7 12. Na3 Bd7 13. Ne5 a6 14. Nc2 Nf5 15. g4
Ne7 16. Bg5 Kf8 17. Re3 Neg8 18. Rf3 Re7 19. h4 Be8 20. h5 Rc7 21. hxg6 hxg6 22.
Re1 Qc8 23. Qf4 b5 24. a3 a5 25. Qh2 Rb8 26. Qh4 Qd8 27. Ree3 b4 28. axb4 axb4
29. Nxb4 Rxb4 30. cxb4 Rc1+ 31. Kg2 Ba4 32. Bxf6 Bxf6 33. Qh7 Rc7 1-0

[Event "7th Paleochora Open 2014"]
[Site "Paleochora GRE"]
[Date "2014.07.28"]
[Round "9.1"]
[White "Rychagov, Andrey"]
[Black "Mirzoev, Azer"]
[Result "1/2-1/2"]
[WhiteTitle "GM"]
[BlackTitle "GM"]
[WhiteElo "2543"]
[BlackElo "2554"]
[WhiteFideId "4119932"]
[BlackFideId "13400304"]
[EventDate "2014.07.21"]

1. d4 d5 2. c4 e6 3. Nf3 Nf6 4. Nc3 Be7 5. Bg5 O-O 6. e3 Nbd7 7. cxd5 exd5 8.
Bd3 c6 9. O-O Re8 10. Qc2 Nf8 11. Rab1 1/2-1/2

[Event "7th Paleochora Open 2014"]
[Site "Paleochora GRE"]
[Date "2014.07.28"]
[Round "9.4"]
[White "Prasanna, Raghuram Rao"]
[Black "Gupta, Abhijeet"]
[Result "0-1"]
[WhiteTitle "IM"]
[BlackTitle "GM"]
[WhiteElo "2455"]
[BlackElo "2634"]
[WhiteFideId "5022401"]
[BlackFideId "5010608"]
[EventDate "2014.07.21"]

1. Nf3 Nf6 2. d4 g6 3. Bg5 Bg7 4. Nbd2 O-O 5. c3 d6 6. e3 c5 7. Bd3 Nbd7 8. O-O
b6 9. e4 h6 10. Bh4 Nh5 11. Bg3 Nxg3 12. hxg3 a6 13. a4 e6 14. Re1 Bb7 15. Qe2
Qe7 16. Rad1 Rfd8 17. Nf1 Qe8 18. N1d2 Qe7 19. Nf1 Nf6 20. N1d2 Ne8 21. Ra1 Qc7
22. Rec1 Nf6 23. Nf1 c4 24. Bxc4 Nxe4 25. Bd3 Nf6 26. N1d2 e5 27. Re1 Re8 28.
dxe5 dxe5 29. Be4 Nxe4 30. Nxe4 f5 31. Ned2 Rac8 32. Qe3 g5 33. Rad1 Qc6 34. a5
bxa5 35. Ra1 a4 36. Re2 f4 37. Qe4 Qb5 38. Qxa4 Qxe2 39. Qb3+ Kh8 40. Qxb7 e4
41. Re1 exf3 42. Rxe2 fxe2 43. Nf3 g4 44. Ne1 Rcd8 45. Qc6 fxg3 46. f3 Re5 0-1

[Event "7th Paleochora Open 2014"]
[Site "Paleochora GRE"]
[Date "2014.07.28"]
[Round "9.5"]
[White "Michielsen, Joost"]
[Black "Zubarev, Alexander1"]
[Result "0-1"]
[WhiteTitle "IM"]
[BlackTitle "GM"]
[WhiteElo "2397"]
[BlackElo "2583"]
[WhiteFideId "1008790"]
[BlackFideId "14104385"]
[EventDate "2014.07.21"]

1. e4 c5 2. Nf3 d6 3. d4 cxd4 4. Nxd4 Nf6 5. Nc3 Nc6 6. Bg5 e6 7. Qd2 a6 8.
O-O-O h6 9. Nxc6 bxc6 10. Bf4 d5 11. Qe3 Bb4 12. Be2 O-O 13. e5 Nh7 14. h4 Qa5
15. Rh3 Rb8 16. Rg3 Rb7 17. Bxh6 f6 18. Bf4 Bc5 19. Qd3 Qb4 20. Be3 Qxb2+ 21.
Kd2 d4 0-1

[Event "7th Paleochora Open 2014"]
[Site "Paleochora GRE"]
[Date "2014.07.28"]
[Round "9.6"]
[White "Rombaldoni, Axel"]
[Black "Narayanan, Srinath"]
[Result "1-0"]
[WhiteTitle "GM"]
[BlackTitle "IM"]
[WhiteElo "2505"]
[BlackElo "2419"]
[WhiteFideId "815837"]
[BlackFideId "5018420"]
[EventDate "2014.07.21"]

1. e4 e5 2. Nf3 Nc6 3. Bc4 Nf6 4. d3 Bc5 5. c3 O-O 6. O-O d5 7. exd5 Nxd5 8. Re1
Bg4 9. h3 Bh5 10. a4 a6 11. a5 Nf6 12. Nbd2 Re8 13. Qb3 Qd7 14. Ng5 Ba7 15. Nde4
Nxe4 16. Nxe4 Ne7 17. Ng3 Bg6 18. Rxe5 Nf5 19. Rxe8+ Rxe8 20. Bf4 Nxg3 21. Bxg3
Bxd3 22. Qd1 Rd8 23. Bh4 Qf5 24. Bxd8 Qxf2+ 25. Kh1 Bxc4 26. Bxc7 h6 27. b3 Bb5
28. Qf3 Qc5 29. Qg3 Qf5 30. Be5 f6 31. Bf4 Bc6 32. Re1 Kh7 33. Kh2 Bc5 34. b4
Bf8 35. Bd6 Bxd6 36. Qxd6 Qc2 37. Qg3 Be4 38. Rf1 f5 39. Rf2 Qd1 40. Qe5 Qd3 41.
Qd4 Qb1 42. Rd2 Qc1 43. Qe3 Bc6 44. Re2 Qb1 45. Qg3 Be4 46. Rd2 Bc6 47. Rd6 1-0

[Event "7th Paleochora Open 2014"]
[Site "Paleochora GRE"]
[Date "2014.07.28"]
[Round "9.7"]
[White "Stopa, Jacek"]
[Black "Tchernyi, Viktor"]
[Result "1-0"]
[WhiteTitle "IM"]
[BlackTitle "FM"]
[WhiteElo "2482"]
[BlackElo "2207"]
[WhiteFideId "1119591"]
[BlackFideId "4127757"]
[EventDate "2014.07.21"]

1. Nf3 d5 2. c4 c6 3. e3 Nf6 4. Nc3 g6 5. d4 Bg7 6. Be2 O-O 7. O-O e6 8. Qc2
Nbd7 9. e4 dxe4 10. Nxe4 Nxe4 11. Qxe4 e5 12. dxe5 Re8 13. Bf4 Qe7 14. Rfe1 Nxe5
15. Nxe5 Bf5 16. Qf3 Bxe5 17. Bd3 Qd6 18. Bxe5 Rxe5 19. Rxe5 Qxe5 20. Bxf5 Qxf5
21. Qxf5 gxf5 22. Rd1 Re8 23. Kf1 Re7 24. f3 Kg7 25. Rd6 a5 26. Kf2 Re5 27. Rd2
Rc5 28. Rd4 Re5 29. b3 Kf6 30. Rd7 b5 31. Rc7 Re6 32. cxb5 cxb5 33. Ra7 f4 34.
Rxa5 Rc6 35. h4 Rc2+ 36. Kg1 b4 37. Kh2 Kg6 38. Rg5+ Kf6 39. Ra5 h6 40. Ra6+ Kg7
41. Ra4 Kf6 42. Ra5 Kg7 43. Ra4 1-0

[Event "7th Paleochora Open 2014"]
[Site "Paleochora GRE"]
[Date "2014.07.28"]
[Round "9.8"]
[White "Lekic, Dusan"]
[Black "Kapnisis, Spyridon"]
[Result "1-0"]
[WhiteTitle "IM"]
[BlackTitle "GM"]
[WhiteElo "2433"]
[BlackElo "2455"]
[WhiteFideId "905330"]
[BlackFideId "4203445"]
[EventDate "2014.07.21"]

1. d4 Nf6 2. c4 e6 3. Nf3 Bb4+ 4. Bd2 a5 5. g3 d6 6. Bg2 Nbd7 7. O-O e5 8. Nc3
O-O 9. Qc2 Re8 10. Rad1 e4 11. Ne1 Bxc3 12. Qxc3 d5 13. b3 h6 14. f4 Nb8 15. Nc2
g6 16. f5 Bxf5 17. Bxh6 Nh7 18. cxd5 Ra6 19. Ne3 Bc8 20. Bf4 Nd7 21. Bxc7 Qe7
22. d6 Qg5 23. Rf4 Ndf6 24. Rdf1 Be6 25. Qc5 Qh6 26. d5 1-0

[Event "7th Paleochora Open 2014"]
[Site "Paleochora GRE"]
[Date "2014.07.28"]
[Round "9.9"]
[White "Theodorou, Nikolas"]
[Black "Gavrilov, Alexei1"]
[Result "1-0"]
[BlackTitle "GM"]
[WhiteElo "2257"]
[BlackElo "2494"]
[WhiteFideId "4262875"]
[BlackFideId "4104358"]
[EventDate "2014.07.21"]

1. e4 e5 2. Nf3 Nc6 3. Bb5 a6 4. Ba4 d6 5. O-O Bd7 6. c3 Nge7 7. d4 Ng6 8. d5
Nb8 9. Bxd7+ Nxd7 10. c4 Be7 11. Nc3 h6 12. g3 a5 13. Ne1 Bg5 14. Nd3 O-O 15.
Qh5 Bxc1 16. Raxc1 Qe7 17. b3 b6 18. Nd1 Nc5 19. Nxc5 bxc5 20. Ne3 a4 21. Rb1
axb3 22. axb3 Rfb8 23. Ra1 Rxa1 24. Rxa1 Rxb3 25. Ra8+ Nf8 26. Nf5 Qf6 27. Re8
Rb2 28. Kg2 Rc2 29. h4 Rxc4 30. Qe2 Rb4 31. Qa2 Rxe4 32. Rxf8+ Kh7 33. Ne3 Rb4
34. Rc8 e4 35. Qe2 Rb2 36. Qe1 Qf3+ 37. Kg1 Rb7 38. Ra8 f5 39. Rf8 Rb3 40. Rf7
Kg8 41. Rxc7 f4 42. Qa1 Rb1+ 43. Qxb1 fxe3 44. Qe1 e2 45. Ra7 e3 46. Ra2 exf2+
47. Qxf2 Qxd5 48. Rxe2 Kh7 49. Qe3 Qf5 50. Qe4 Kg6 51. h5+ Kg5 52. Qh4# 1-0

[Event "7th Paleochora Open 2014"]
[Site "Paleochora GRE"]
[Date "2014.07.28"]
[Round "9.10"]
[White "Swapnil, S. Dhopade"]
[Black "Svetushkin, Dmitry"]
[Result "0-1"]
[WhiteTitle "IM"]
[BlackTitle "GM"]
[WhiteElo "2421"]
[BlackElo "2557"]
[WhiteFideId "5019184"]
[BlackFideId "13900463"]
[EventDate "2014.07.21"]

1. d4 d5 2. c4 c6 3. Nc3 Nf6 4. e3 a6 5. Nf3 Bf5 6. Ne5 Nbd7 7. Qb3 Qc7 8. cxd5
Nxe5 9. dxe5 Nxd5 10. Nxd5 cxd5 11. Bd2 e6 12. Rc1 Qd7 13. Be2 Be7 14. Ba5 Rc8
15. Rxc8+ Qxc8 16. Kd2 O-O 17. Rc1 Qa8 18. Qc3 f6 19. a3 fxe5 20. g4 Bg6 21.
Qxe5 Bf6 22. Qxe6+ Bf7 23. Qb6 d4 24. Bf3 dxe3+ 25. fxe3 Bd8 26. Qc5 Be6 27. Bd5
Bxa5+ 28. Ke2 Bxd5 29. Qxd5+ Kh8 30. Qxa5 b5 31. Qc7 Qg2+ 32. Kd3 Qd5+ 33. Kc2
Qe4+ 34. Kb3 Qe6+ 35. Kb4 Qxg4+ 36. Ka5 Qa4+ 37. Kb6 b4 38. Qd6 Qe8 39. Qxb4
Qb8+ 40. Ka5 Rf5+ 41. Kxa6 Rf6+ 42. Ka5 Qa7+ 43. Kb5 Qa6+ 44. Kc5 Qc6+ 45. Kd4
Rd6+ 46. Ke5 Qd5+ 47. Kf4 Rf6+ 48. Kg3 Qf3+ 0-1

[Event "7th Paleochora Open 2014"]
[Site "Paleochora GRE"]
[Date "2014.07.28"]
[Round "9.12"]
[White "Werle, Jan"]
[Black "Jens, Jelmer"]
[Result "1-0"]
[WhiteTitle "GM"]
[BlackTitle "IM"]
[WhiteElo "2511"]
[BlackElo "2394"]
[WhiteFideId "1006088"]
[BlackFideId "1007394"]
[EventDate "2014.07.21"]

1. d4 Nf6 2. c4 g6 3. Nc3 d5 4. cxd5 Nxd5 5. e4 Nxc3 6. bxc3 Bg7 7. Bc4 c5 8.
Ne2 O-O 9. O-O Nc6 10. Be3 Bg4 11. f3 Bd7 12. Rb1 Qc7 13. Bd3 a6 14. Qe1 b5 15.
f4 f5 16. exf5 c4 17. Bc2 gxf5 18. d5 Na5 19. Bd4 Qd6 20. Bxg7 Kxg7 21. Rd1 Kh8
22. Nd4 Qxd5 23. Qxe7 Rae8 24. Nxf5 Rxe7 25. Rxd5 Ref7 26. g4 Nc6 27. Nh6 Re7
28. f5 Ne5 29. f6 Ree8 30. h3 Bc6 31. Rd6 Ba8 32. Rxa6 Nf3+ 33. Rxf3 Bxf3 34.
Ra7 Re1+ 35. Kf2 Re2+ 36. Kxf3 Rxc2 37. g5 Rxc3+ 38. Kg4 b4 39. Rg7 1-0

[Event "7th Paleochora Open 2014"]
[Site "Paleochora GRE"]
[Date "2014.07.28"]
[Round "9.13"]
[White "Pakleza, Zbigniew"]
[Black "Kourkoulos-Arditis, Stamatis"]
[Result "1-0"]
[WhiteTitle "IM"]
[BlackTitle "FM"]
[WhiteElo "2487"]
[BlackElo "2330"]
[WhiteFideId "1119290"]
[BlackFideId "4221990"]
[EventDate "2014.07.21"]

1. Nf3 Nf6 2. c4 e6 3. g3 d5 4. Bg2 dxc4 5. Qa4+ Nbd7 6. Qxc4 c5 7. O-O a6 8.
Qc2 b5 9. a4 Bb7 10. d3 Be7 11. Nc3 Qb6 12. Qb3 b4 13. a5 Qa7 14. Nd1 Rc8 15.
Ne3 Qa8 16. Nc4 O-O 17. Bf4 Rfd8 18. e4 Bc6 19. Rfd1 Bb5 20. Nfe5 Nxe5 21. Bxe5
Nd7 22. Bd6 Bxd6 23. Nxd6 Ne5 24. Nxc8 Qxc8 25. d4 cxd4 26. Qxb4 d3 27. Rac1 Qd7
28. Qc3 Nc6 29. Bf1 Ne7 30. Qc7 Qe8 31. Rc3 f5 32. Qb6 Nc8 33. Qe3 Nd6 34. Bxd3
Nxe4 35. Rcc1 Qh5 36. Be2 Rxd1+ 37. Bxd1 Qh3 38. Bf3 1-0

[Event "7th Paleochora Open 2014"]
[Site "Paleochora GRE"]
[Date "2014.07.28"]
[Round "9.14"]
[White "Markidis, Konstantinos"]
[Black "Rombaldoni, Denis"]
[Result "0-1"]
[BlackTitle "IM"]
[WhiteElo "2314"]
[BlackElo "2484"]
[WhiteFideId "4203500"]
[BlackFideId "813575"]
[EventDate "2014.07.21"]

1. e4 c5 2. Nf3 a6 3. c4 e6 4. Nc3 Qc7 5. g3 Nc6 6. b3 Nd4 7. Bg2 g6 8. Nxd4
cxd4 9. Ne2 e5 10. O-O d6 11. Bb2 Bg4 12. h3 Bd7 13. f4 Ne7 14. g4 g5 15. f5 h5
16. gxh5 f6 17. d3 Kf7 18. Ng3 Bh6 19. Bc1 b5 20. Nh1 bxc4 21. bxc4 Rab8 22. a4
Nc6 23. Nf2 Na5 24. Ra3 Qb6 25. Ng4 Nb3 26. h4 Qb4 27. Nxh6+ Rxh6 28. hxg5 fxg5
29. Bxg5 Qxa3 30. Bxh6 Rg8 31. Rf3 Bxa4 32. f6 Rh8 33. Bg7 Nc5 34. Qb1 Rxh5 35.
Qb8 Qc1+ 36. Bf1 Rg5+ 37. Kf2 Qd2+ 38. Be2 Nxd3+ 39. Rxd3 Qf4+ 40. Rf3 Qh4+ 0-1

[Event "7th Paleochora Open 2014"]
[Site "Paleochora GRE"]
[Date "2014.07.28"]
[Round "9.15"]
[White "Antic, Dejan"]
[Black "Christiansen, Johan-Sebastian"]
[Result "1-0"]
[WhiteTitle "GM"]
[WhiteElo "2479"]
[BlackElo "2252"]
[WhiteFideId "901008"]
[BlackFideId "1512668"]
[EventDate "2014.07.21"]

1. Nf3 Nf6 2. c4 e6 3. g3 d5 4. Bg2 d4 5. O-O c5 6. d3 Nc6 7. e3 Bd6 8. exd4
cxd4 9. Bg5 O-O 10. Nbd2 e5 11. a3 Bf5 12. Qc2 a5 13. c5 Be7 14. Rfe1 Nd7 15.
Bxe7 Qxe7 16. Rac1 a4 17. Nc4 Rfb8 18. Qd1 Bg4 19. h3 Bh5 20. Rc2 f6 21. g4 Bf7
22. Nh4 Nxc5 23. f4 Na5 24. Nf5 Qc7 25. Ncd6 Be6 26. fxe5 fxe5 27. Rxe5 Bxf5 28.
Bd5+ Be6 29. Bxe6+ Kh8 30. Nf7+ Kg8 31. Rcxc5 Nc6 32. Qf3 Re8 33. Nd6+ Kh8 34.
Nxe8 Rxe8 35. Re2 Qe7 36. Rf5 h6 37. Rf7 Qc5 38. Rxg7 1-0

[Event "7th Paleochora Open 2014"]
[Site "Paleochora GRE"]
[Date "2014.07.28"]
[Round "9.16"]
[White "Skembris, Spyridon"]
[Black "Tzouganakis, Panteleimon"]
[Result "1/2-1/2"]
[WhiteTitle "GM"]
[WhiteElo "2473"]
[BlackElo "2185"]
[WhiteFideId "4200020"]
[BlackFideId "4215826"]
[EventDate "2014.07.21"]

1. d4 Nf6 2. Nf3 g6 3. g3 Bg7 4. Bg2 O-O 5. c4 d6 6. Nc3 Nc6 7. O-O a6 8. d5 Na5
9. b3 c5 10. dxc6 Nxc6 11. Bb2 Bf5 12. Nd4 Nxd4 13. Qxd4 Ne4 14. Qe3 Nxc3 15.
Bxc3 Bxc3 16. Qxc3 Qc7 17. a4 a5 18. h4 h5 19. Rad1 Rac8 20. Rd5 b6 21. Bf3 e6
22. Rb5 d5 23. Bg2 dxc4 24. Rc1 e5 25. bxc4 Bd7 26. Rxe5 Bxa4 27. Bf3 Bc6 28.
Rg5 Bxf3 29. Qxf3 Qd6 30. Qxh5 Qd2 31. Rb1 Rc6 32. Qf3 Re6 33. e3 a4 34. Rgb5 a3
35. Qd1 Rd8 36. Qxd2 Rxd2 37. Ra1 Rf6 38. Rxa3 Rfxf2 39. Rxb6 1/2-1/2